| 000 | 00716nam a22002297a 4500 | ||
|---|---|---|---|
| 942 | _cBK | ||
| 999 |
_c814 _d814 |
||
| 005 | 20250420134825.0 | ||
| 008 | 220407b ||||| |||| 00| 0 eng d | ||
| 020 | _a9781492076520 | ||
| 040 | _cKCST | ||
| 082 |
_a005.1 _bGr He |
||
| 100 |
_aGriffiths, Dawn _94846 |
||
| 245 |
_aHead first Android development: _ba learner's guide to building android apps with Kotlin / _cDawn Griffiths; David Griffiths |
||
| 250 | _a3 | ||
| 260 |
_aSebastopol : _bO'Reilly, _c2022. |
||
| 300 | _a890 p. | ||
| 650 |
_aAndroid (Electronic resource) _9777 |
||
| 650 |
_aApplication software _vDevelopment. _94950 |
||
| 650 |
_aSmartphones _vProgramming. _95694 |
||
| 700 |
_aGriffiths, David _95695 |
||
| 942 | _2ddc | ||